[Event "Cto. FACV Ind. Absoluto Valencia 2014"]
[Site "Valencia ESP"]
[Date "2014.09.27"]
[Round "1.1"]
[White "Gonzalez Aguirre, Luis"]
[Black "Sanchez Saez, Francisco"]
[Result "1-0"]
[WhiteElo "2089"]
[BlackElo "2320"]
[PlyCount "127"]
[EventDate "2014.09.27"]
[EventType "swiss"]
[EventRounds "7"]
[EventCountry "ESP"]
[Source "lmi"]
[SourceDate "2014.09.27"]

1. Nf3 Nf6 2. c4 g6 3. Nc3 Bg7 4. g3 O-O 5. Bg2 d6 6. O-O a6 7. d4 Nc6 8. h3
Rb8 9. e4 b5 10. e5 Ne8 11. cxb5 axb5 12. Qe2 b4 13. Na4 Ra8 14. Qc2 Bd7 15.
Re1 Nxd4 16. Nxd4 Bxa4 17. b3 dxe5 18. Ne6 fxe6 19. Bxa8 Qxa8 20. bxa4 Qf3 21.
Bb2 Qh5 22. Qe2 Qxh3 23. Bxe5 Rf5 24. Bxg7 Nxg7 25. Rad1 h5 26. Rd4 Rg5 27.
Rxb4 h4 28. Qf1 Qxf1+ 29. Kxf1 hxg3 30. fxg3 Rxg3 31. Rb3 Rg4 32. Ra3 Rf4+ 33.
Kg2 Nf5 34. a5 Rg4+ 35. Kf2 Rf4+ 36. Ke2 Nd4+ 37. Kd1 Nb5 38. Rb3 Rd4+ 39. Kc1
c6 40. Rxe6 Rc4+ 41. Kb2 Kf7 42. Re2 Ra4 43. Rf3+ Ke8 44. Rfe3 Rxa5 45. Rxe7+
Kf8 46. Rb7 Nd6 47. Rd7 Rb5+ 48. Kc1 Nf5 49. Rh2 Kg8 50. Ra7 Rb8 51. a4 Rb4 52.
a5 Nd4 53. Rb2 Nb3+ 54. Kc2 Nd4+ 55. Kc3 Nb5+ 56. Kxb4 Nxa7 57. Kc5 g5 58. Kb6
Nc8+ 59. Kb7 Nd6+ 60. Kxc6 Nc4 61. Rb8+ Kf7 62. a6 g4 63. a7 Ne5+ 64. Kc7 1-0

[Event "Cto. FACV Ind. Absoluto Valencia 2014"]
[Site "Valencia ESP"]
[Date "2014.09.27"]
[Round "1.2"]
[White "Garcia Fernandez, Carlos"]
[Black "Ribes Peris, Alvaro"]
[Result "1-0"]
[WhiteElo "2312"]
[BlackElo "2052"]
[PlyCount "61"]
[EventDate "2014.09.27"]
[EventType "swiss"]
[EventRounds "7"]
[EventCountry "ESP"]
[Source "lmi"]
[SourceDate "2014.09.27"]

1. e4 Nf6 2. Nc3 d5 3. exd5 Nxd5 4. Bc4 Nb6 5. Bb3 Nc6 6. Qf3 e6 7. Qg3 Nd4 8.
Nf3 Nf5 9. Qe5 Bd6 10. Qe4 O-O 11. O-O a5 12. a4 c6 13. d4 Nd5 14. Bg5 Be7 15.
Bxe7 Qxe7 16. Rfe1 Qd6 17. Ne2 Qb4 18. Nc1 Nf6 19. Qe5 Rd8 20. c3 Qb6 21. h3
Qa7 22. Nd3 b6 23. Bc2 Nd6 24. Qf4 Qb8 25. Nde5 Bd7 26. Qh4 Nf5 27. Bxf5 exf5
28. Nxd7 Rxd7 29. Re5 Rd5 30. Rae1 Qd6 31. c4 1-0

[Event "Cto. FACV Ind. Absoluto Valencia 2014"]
[Site "Valencia ESP"]
[Date "2014.09.27"]
[Round "1.3"]
[White "Capella Gimenez, Jose M"]
[Black "Cruz Lledo, Pablo"]
[Result "1/2-1/2"]
[WhiteElo "2051"]
[BlackElo "2290"]
[PlyCount "92"]
[EventDate "2014.09.27"]
[EventType "swiss"]
[EventRounds "7"]
[EventCountry "ESP"]
[Source "lmi"]
[SourceDate "2014.09.27"]

1. d4 d5 2. c4 e6 3. Nc3 Nf6 4. cxd5 Nxd5 5. e4 Nxc3 6. bxc3 c5 7. Nf3 cxd4 8.
cxd4 Bb4+ 9. Bd2 Bxd2+ 10. Qxd2 O-O 11. Be2 Nc6 12. O-O b6 13. Rac1 Bb7 14. Rc3
Qd6 15. Qe3 Rad8 16. Rd1 Qb8 17. Bd3 Ne7 18. Bb1 Rd7 19. e5 Bxf3 20. Qxf3 Ng6
21. Bxg6 hxg6 22. Qe4 Qa8 23. Qh4 Qd8 24. Qxd8 Rfxd8 25. Rcd3 g5 26. g3 g4 27.
h3 gxh3 28. f4 g5 29. fxg5 Kg7 30. Kh2 Rh8 31. d5 exd5 32. Rxd5 Re7 33. R1d4
Rh5 34. Rd7 Rxe5 35. Rf4 Re2+ 36. Kh1 Rxg5 37. Rdxf7+ Kh6 38. Rxa7 Rxg3 39.
Rf6+ Kg5 40. Rxb6 Rc3 41. Rg7+ Kf5 42. Rf7+ Kg5 43. Rg7+ Kh5 44. Rh7+ Kg4 45.
Rg7+ Kf4 46. Rf7+ Kg5 1/2-1/2

[Event "Cto. FACV Ind. Absoluto Valencia 2014"]
[Site "Valencia ESP"]
[Date "2014.09.27"]
[Round "1.4"]
[White "Fos Santacreu, Juan Andres"]
[Black "Cebolla Moll, Ricardo"]
[Result "1-0"]
[WhiteElo "2279"]
[BlackElo "2017"]
[PlyCount "90"]
[EventDate "2014.09.27"]
[EventType "swiss"]
[EventRounds "7"]
[EventCountry "ESP"]
[Source "lmi"]
[SourceDate "2014.09.27"]

1. e4 c5 2. b3 d6 3. Bb2 Nf6 4. Nc3 Nc6 5. g3 h5 6. h3 h4 7. g4 e5 8. Bg2 g5 9.
Nf3 Bh6 10. d3 Ne7 11. Bc1 Nh7 12. Bd2 Ng6 13. Nd5 Be6 14. c4 Bxd5 15. cxd5 O-O
16. O-O b5 17. Re1 a5 18. a3 b4 19. a4 Qf6 20. Nh2 Nf4 21. Bc1 Rfe8 22. Nf1 Nf8
23. Ne3 N8g6 24. Bf1 Ne7 25. Qc2 Reb8 26. Ra2 Bf8 27. Qb1 Bh6 28. Kh2 Neg6 29.
Bg2 Bf8 30. Rg1 Ne7 31. Bf1 Neg6 32. Nf5 Ra7 33. Rc2 Qd8 34. Be3 f6 35. Be2 Ne7
36. Bxf4 exf4 37. d4 Nxf5 38. gxf5 Qe7 39. Bf3 Rc7 40. dxc5 dxc5 41. e5 Qxe5
42. Re1 Qxf5 43. Bg4 Qg6 44. d6 Rcc8 45. Bxc8 Rxc8 1-0

[Event "Cto. FACV Ind. Absoluto Valencia 2014"]
[Site "Valencia ESP"]
[Date "2014.09.27"]
[Round "1.5"]
[White "Gonzalvez Perales, Jose Luis"]
[Black "Torres Sanchez, Jose"]
[Result "1/2-1/2"]
[WhiteElo "2008"]
[BlackElo "2277"]
[PlyCount "72"]
[EventDate "2014.09.27"]
[EventType "swiss"]
[EventRounds "7"]
[EventCountry "ESP"]
[Source "lmi"]
[SourceDate "2014.09.27"]

1. e4 c5 2. c3 d5 3. exd5 Qxd5 4. d4 g6 5. Nf3 Bg7 6. c4 Qd8 7. d5 Nh6 8. Bd3
O-O 9. O-O Nf5 10. Nc3 e5 11. Re1 Nd7 12. Ne4 h6 13. Bd2 Nh4 14. Nxh4 Qxh4 15.
g3 Qd8 16. Nc3 f5 17. f4 Kh7 18. Rb1 b6 19. Bf1 a6 20. Bg2 Rb8 21. Kh1 b5 22.
b3 bxc4 23. bxc4 Rb4 24. Rxb4 cxb4 25. Na4 exf4 26. Bxb4 fxg3 27. Bxf8 Qh4 28.
h3 Bxf8 29. Qe2 Nf6 30. Nb6 Bb7 31. Qe6 Ne4 32. Qf7+ Bg7 33. Nd7 Kh8 34. Qe8+
Kh7 35. Qf7 Kh8 36. Qe8+ Kh7 1/2-1/2

[Event "Cto. FACV Ind. Absoluto Valencia 2014"]
[Site "Valencia ESP"]
[Date "2014.09.27"]
[Round "1.6"]
[White "Buenafe Moya, Javier"]
[Black "Garcia Martin, Marta"]
[Result "1/2-1/2"]
[WhiteElo "2256"]
[BlackElo "1973"]
[PlyCount "131"]
[EventDate "2014.09.27"]
[EventType "swiss"]
[EventRounds "7"]
[EventCountry "ESP"]
[Source "lmi"]
[SourceDate "2014.09.27"]

1. e4 e5 2. Nf3 Nc6 3. Bb5 a6 4. Bxc6 dxc6 5. d4 exd4 6. Qxd4 Qxd4 7. Nxd4 Bd7
8. Bf4 O-O-O 9. O-O Ne7 10. a4 Ng6 11. Be3 f6 12. Nd2 Bd6 13. c3 Rhe8 14. Rfe1
Ne5 15. f3 c5 16. N4b3 Be6 17. Rab1 Bf7 18. Red1 c4 19. Nd4 Nd3 20. g3 Bf8 21.
Kg2 Rd7 22. h3 Re5 23. b4 cxb3 24. N4xb3 Re8 25. Na5 Bc5 26. Nf1 b6 27. Nc6
Bxe3 28. Nxe3 a5 29. Nd4 Nc5 30. Ra1 Red8 31. Rdb1 g6 32. Rb2 Rd6 33. g4 Nd3
34. Rd2 Nc5 35. Kg3 Nb3 36. Nxb3 Rxd2 37. Nxd2 Rxd2 38. c4 c6 39. Ra3 Rd4 40.
Rc3 Kc7 41. h4 Kd6 42. g5 fxg5 43. hxg5 Be6 44. Kf4 Kc5 45. Ke5 Bxc4 46. f4 b5
47. f5 Rd8 48. axb5 cxb5 49. Nxc4 bxc4 50. f6 Re8+ 51. Kf4 Kd4 52. Re3 c3 53.
Re2 Kd3 54. Re3+ Kd2 55. Rh3 c2 56. Rh2+ Kd3 57. Rxc2 Kxc2 58. e5 a4 59. f7 Rf8
60. e6 a3 61. Kg3 a2 62. e7 Rxf7 63. e8=Q Rc7 64. Qa4+ Kb2 65. Qb5+ Kc2 66.
Qa4+ 1/2-1/2

[Event "Cto. FACV Ind. Absoluto Valencia 2014"]
[Site "Valencia ESP"]
[Date "2014.09.27"]
[Round "1.7"]
[White "Roca Cruz, Rafael"]
[Black "Silva Rodriguez, Fernando"]
[Result "0-1"]
[WhiteElo "1950"]
[BlackElo "2244"]
[PlyCount "74"]
[EventDate "2014.09.27"]
[EventType "swiss"]
[EventRounds "7"]
[EventCountry "ESP"]
[Source "lmi"]
[SourceDate "2014.09.27"]

1. d4 Nf6 2. c4 e6 3. Nc3 Bb4 4. e3 O-O 5. Nge2 d5 6. a3 Bd6 7. c5 Be7 8. b4 c6
9. Ng3 Nbd7 10. Bd3 b6 11. f3 a5 12. Bb2 Ba6 13. Bxa6 Rxa6 14. Qd3 b5 15. O-O
Qc7 16. e4 Rfa8 17. Rae1 Nf8 18. e5 Ne8 19. f4 g6 20. Nge2 h5 21. g4 Bh4 22.
Rd1 hxg4 23. h3 gxh3 24. Qxh3 Qd8 25. Kg2 Ng7 26. Rh1 Nf5 27. Rd3 g5 28. fxg5
axb4 29. axb4 Ng6 30. Bc1 Bxg5 31. Qh7+ Kf8 32. Rdh3 Bxc1 33. Rxc1 Qg5+ 34. Kh2
Ra1 35. Rc2 Rf1 36. Ng3 Qf4 37. Rg2 Raa1 0-1

[Event "Cto. FACV Ind. Absoluto Valencia 2014"]
[Site "Valencia ESP"]
[Date "2014.09.27"]
[Round "1.8"]
[White "Ribera Cebolla, Marc"]
[Black "Lozano Gil, Jose Luis"]
[Result "1-0"]
[WhiteElo "2207"]
[BlackElo "1950"]
[PlyCount "81"]
[EventDate "2014.09.27"]
[EventType "swiss"]
[EventRounds "7"]
[EventCountry "ESP"]
[Source "lmi"]
[SourceDate "2014.09.27"]

1. e4 c5 2. Nf3 Nc6 3. d4 cxd4 4. Nxd4 Nf6 5. Nc3 d6 6. Be3 e5 7. Nb3 Be6 8. f3
Be7 9. Qd2 d5 10. exd5 Nxd5 11. Nxd5 Qxd5 12. Qxd5 Bxd5 13. O-O-O O-O-O 14. Bd3
b6 15. Kb1 g6 16. Be4 Bxe4 17. fxe4 Rxd1+ 18. Rxd1 Rd8 19. Rf1 f6 20. c3 Kd7
21. Kc2 Ke6 22. Nd2 Na5 23. a4 Nb7 24. Nc4 Nc5 25. Bxc5 Bxc5 26. b4 Be7 27. Ne3
Rd7 28. g4 h6 29. h4 Bd8 30. Rd1 Rxd1 31. Kxd1 Be7 32. Ke2 Kd7 33. Kd3 Kc6 34.
Kc4 a6 35. h5 b5+ 36. Kb3 g5 37. Nd5 Bd8 38. c4 bxc4+ 39. Kxc4 Kd6 40. Ne3 Be7
41. Nf5+ 1-0

[Event "Cto. FACV Ind. Absoluto Valencia 2014"]
[Site "Valencia ESP"]
[Date "2014.09.27"]
[Round "1.9"]
[White "Nieves Cabanes, Jose Manuel"]
[Black "Rubio Tent, Francisco"]
[Result "0-1"]
[WhiteElo "1939"]
[BlackElo "2189"]
[PlyCount "86"]
[EventDate "2014.09.27"]
[EventType "swiss"]
[EventRounds "7"]
[EventCountry "ESP"]
[Source "lmi"]
[SourceDate "2014.09.27"]

1. d4 Nf6 2. c4 c5 3. d5 b5 4. cxb5 a6 5. b6 Qxb6 6. Nc3 g6 7. Nf3 Bg7 8. e4 d6
9. a4 O-O 10. Nd2 Nbd7 11. a5 Qd8 12. Nc4 Rb8 13. Be2 Ne8 14. O-O Nc7 15. Bg5
h6 16. Bh4 Nb5 17. Nxb5 axb5 18. Nxd6 Ba6 19. e5 Bxe5 20. Ne4 Bxb2 21. Rb1 Bd4
22. Bg3 Qxa5 23. Bxb8 Rxb8 24. Nd2 Qc7 25. Nb3 Be5 26. g3 c4 27. Nd4 Bf6 28.
Nc6 Rb6 29. Qd2 Bb7 30. Nb4 Qc5 31. Qxh6 Bd4 32. Qh3 Ne5 33. Qg2 Rf6 34. Rbd1
Bb2 35. Nc6 Kg7 36. Rb1 Nxc6 37. Rxb2 Nd4 38. Qe4 c3 39. Rbb1 Bxd5 40. Qe5 Bc6
41. Rxb5 Qxb5 42. Qxf6+ Kxf6 43. Bxb5 Bxb5 0-1

[Event "Cto. FACV Ind. Absoluto Valencia 2014"]
[Site "Valencia ESP"]
[Date "2014.09.27"]
[Round "1.10"]
[White "Madero, Sergio"]
[Black "Baeza Garcia, Agustin"]
[Result "1-0"]
[WhiteElo "2153"]
[BlackElo "1939"]
[PlyCount "71"]
[EventDate "2014.09.27"]
[EventType "swiss"]
[EventRounds "7"]
[EventCountry "ESP"]
[Source "lmi"]
[SourceDate "2014.09.27"]

1. c4 c6 2. g3 d5 3. Nf3 Nf6 4. Bg2 Bg4 5. O-O e6 6. cxd5 cxd5 7. Nc3 Nc6 8. d4
Bd6 9. Qb3 Bxf3 10. Qxb7 Nxd4 11. exf3 Qb8 12. Qa6 O-O 13. Qd3 Nc6 14. f4 Ne7
15. Rb1 Nf5 16. Nxd5 Nxd5 17. Bxd5 exd5 18. Qxf5 d4 19. Rd1 Qb6 20. Qd3 Rad8
21. b4 Rfe8 22. b5 Bc5 23. a4 Qa5 24. Bd2 Qb6 25. Re1 Qd6 26. Re4 Re6 27. f5
Re7 28. Rc1 Ba3 29. Rxd4 Qxd4 30. Qxd4 Rxd4 31. Rc8+ Re8 32. Rxe8+ Bf8 33. Be3
Rd5 34. Bxa7 f6 35. b6 Kf7 36. Rxf8+ 1-0

[Event "Cto. FACV Ind. Absoluto Valencia 2014"]
[Site "Valencia ESP"]
[Date "2014.10.04"]
[Round "2.1"]
[White "Jordan Arenas, Manuel"]
[Black "Garcia Fernandez, Carlos"]
[Result "0-1"]
[WhiteElo "2124"]
[BlackElo "2312"]
[PlyCount "59"]
[EventDate "2014.09.27"]
[EventType "swiss"]
[EventRounds "7"]
[EventCountry "ESP"]
[Source "lmi"]
[SourceDate "2014.09.27"]

1. d4 c5 2. d5 f5 3. Nf3 Nf6 4. Nc3 g6 5. g3 Na6 6. Bg2 d6 7. O-O Bg7 8. e4 Nc7
9. Re1 Nxe4 10. Nxe4 fxe4 11. Ng5 h6 12. Nxe4 O-O 13. Be3 Kh7 14. Rb1 b6 15. b4
Ba6 16. Qg4 Rf5 17. bxc5 bxc5 18. c4 Bc8 19. Qe2 Rf7 20. Rb3 Ne8 21. Nd2 Nf6
22. Nf3 Ng4 23. Nh4 g5 24. Be4+ Kg8 25. Ng2 Ne5 26. Bc1 Ba6 27. Ne3 g4 28. Rd1
Qd7 29. Bb2 Nf3+ 30. Kg2 0-1

[Event "Cto. FACV Ind. Absoluto Valencia 2014"]
[Site "Valencia ESP"]
[Date "2014.10.04"]
[Round "2.2"]
[White "Silva Rodriguez, Fernando"]
[Black "Navarro Diaz, Carles"]
[Result "1-0"]
[WhiteElo "2244"]
[BlackElo "2103"]
[PlyCount "97"]
[EventDate "2014.09.27"]
[EventType "swiss"]
[EventRounds "7"]
[EventCountry "ESP"]
[Source "lmi"]
[SourceDate "2014.09.27"]

1. d4 Nf6 2. c4 g6 3. Nc3 Bg7 4. e4 d6 5. Nf3 O-O 6. Be2 e5 7. O-O Na6 8. Be3
Ng4 9. Bg5 Qe8 10. Re1 h6 11. Bh4 Nf6 12. Bxf6 Bxf6 13. Nd5 Bg7 14. dxe5 dxe5
15. c5 c6 16. Bxa6 cxd5 17. Qxd5 Rb8 18. Bc4 Be6 19. Qd3 Rd8 20. Qc3 Qc6 21. b4
Rd7 22. a4 Rfd8 23. Bb5 Qc7 24. Bxd7 Qxd7 25. h3 f5 26. Rad1 Qxd1 27. Rxd1
Rxd1+ 28. Kh2 fxe4 29. Nd2 e3 30. Qxe3 Bd5 31. Qd3 Bf7 32. Qc2 Ra1 33. Qe4 Ra2
34. Nf3 Rxf2 35. Qxb7 Re2 36. Qb5 Rc2 37. Qd3 Rc4 38. Qd8+ Kh7 39. Qd7 Rf4 40.
Qd2 g5 41. Qe3 e4 42. g3 Rf6 43. Qxe4+ Bg6 44. Qe3 Rf8 45. c6 Re8 46. Qf2 Re7
47. b5 Be4 48. Qc5 Bf6 49. c7 1-0

[Event "Cto. FACV Ind. Absoluto Valencia 2014"]
[Site "Valencia ESP"]
[Date "2014.10.04"]
[Round "2.3"]
[White "Salvador Lopez, Daniel"]
[Black "Ribera Cebolla, Marc"]
[Result "1-0"]
[WhiteElo "2117"]
[BlackElo "2207"]
[PlyCount "66"]
[EventDate "2014.09.27"]
[EventType "swiss"]
[EventRounds "7"]
[EventCountry "ESP"]
[Source "lmi"]
[SourceDate "2014.09.27"]

1. d4 Nf6 2. Nf3 g6 3. Bg5 Bg7 4. Nbd2 d5 5. c4 Ne4 6. Bf4 c5 7. Be5 f6 8. Bxb8
Rxb8 9. Qa4+ Bd7 10. Qxa7 O-O 11. dxc5 f5 12. Rb1 dxc4 13. Nxc4 Bb5 14. e3 Qd5
15. Rd1 Qxc5 16. Qxc5 Nxc5 17. Nce5 Bxf1 18. Kxf1 Ra8 19. a3 Na4 20. Rd2 Ra5
21. Nd7 Rc8 22. g3 Rc1+ 23. Kg2 Rxh1 24. b4 Rxh2+ 25. Kxh2 Ra8 26. Ng5 Ra6 27.
Nc5 Nxc5 28. Rd8+ Bf8 29. bxc5 Rf6 30. Rb8 h6 31. Nf3 Kf7 32. Rxb7 Ke8 33. Ne5
Ra6 1-0

[Event "Cto. FACV Ind. Absoluto Valencia 2014"]
[Site "Valencia ESP"]
[Date "2014.10.04"]
[Round "2.4"]
[White "Rubio Tent, Francisco"]
[Black "Gonzalez Aguirre, Luis"]
[Result "1-0"]
[WhiteElo "2189"]
[BlackElo "2089"]
[PlyCount "68"]
[EventDate "2014.09.27"]
[EventType "swiss"]
[EventRounds "7"]
[EventCountry "ESP"]
[Source "lmi"]
[SourceDate "2014.09.27"]

1. e4 e6 2. d4 d5 3. exd5 exd5 4. Nf3 Bd6 5. c4 c6 6. Nc3 Ne7 7. Bd3 dxc4 8.
Bxc4 O-O 9. O-O Nd7 10. Bg5 h6 11. Bh4 Nb6 12. Bb3 Bg4 13. Qd3 Qc7 14. Bxe7
Qxe7 15. Rfe1 Qc7 16. Ne5 Bxe5 17. dxe5 Qd7 18. Qg3 Bf5 19. Ne4 Bxe4 20. Rxe4
Nd5 21. Rg4 g6 22. Bc2 Rad8 23. e6 Qxe6 24. Bxg6 Kh8 25. Qh4 fxg6 26. Qxh6+ Kg8
27. Rxg6+ Qxg6 28. Qxg6+ Kh8 29. g3 Rf6 30. Qh5+ Kg7 31. Re1 Rdf8 32. Re5 R8f7
33. Re8 Ne7 34. Rh8 Ng6 1-0

[Event "Cto. FACV Ind. Absoluto Valencia 2014"]
[Site "Valencia ESP"]
[Date "2014.10.04"]
[Round "2.5"]
[White "Nieves Cabanes, Javier"]
[Black "Madero, Sergio"]
[Result "0-1"]
[WhiteElo "2097"]
[BlackElo "2153"]
[PlyCount "92"]
[EventDate "2014.09.27"]
[EventType "swiss"]
[EventRounds "7"]
[EventCountry "ESP"]
[Source "lmi"]
[SourceDate "2014.09.27"]

1. d4 Nf6 2. c4 g6 3. Nc3 Bg7 4. e4 d6 5. Nf3 O-O 6. Be2 e5 7. O-O Nc6 8. d5
Ne7 9. b4 Nh5 10. g3 f5 11. Ng5 Nf6 12. Bf3 fxe4 13. Ncxe4 Nf5 14. c5 Nd4 15.
Bg2 Bg4 16. f3 Bf5 17. cxd6 cxd6 18. Be3 Nxe4 19. fxe4 Bd7 20. Rxf8+ Bxf8 21.
Qf1 Qe7 22. Qf2 Bh6 23. h4 Rf8 24. Qd2 Bg4 25. Bxd4 Bxg5 26. Be3 Bxe3+ 27. Qxe3
Qd7 28. Rc1 Bh3 29. Kh2 Bxg2 30. Kxg2 Qb5 31. a3 a5 32. h5 axb4 33. axb4 gxh5
34. Qg5+ Kh8 35. Qxh5 Qxb4 36. Qe2 Qa5 37. Rh1 Qc7 38. Rh6 b5 39. Qxb5 Qc2+ 40.
Kh3 Qxe4 41. Rh4 Qh1+ 42. Kg4 Qf3+ 43. Kh3 Rg8 44. Rxh7+ Kxh7 45. Qb1+ e4 46.
Qb7+ Rg7 0-1

[Event "Cto. FACV Ind. Absoluto Valencia 2014"]
[Site "Valencia ESP"]
[Date "2014.10.04"]
[Round "2.6"]
[White "Cruz Lledo, Pablo"]
[Black "Buenafe Moya, Javier"]
[Result "1-0"]
[WhiteElo "2290"]
[BlackElo "2256"]
[PlyCount "69"]
[EventDate "2014.09.27"]
[EventType "swiss"]
[EventRounds "7"]
[EventCountry "ESP"]
[Source "lmi"]
[SourceDate "2014.09.27"]

1. d4 Nf6 2. c4 e6 3. Nc3 Bb4 4. Nf3 O-O 5. Bg5 c5 6. Rc1 cxd4 7. Nxd4 a6 8. a3
Be7 9. e3 d6 10. Be2 b6 11. O-O Bb7 12. Qc2 Nc6 13. b4 Rc8 14. Nf3 a5 15. Qb3
axb4 16. axb4 d5 17. Bxf6 Bxf6 18. cxd5 Ne5 19. e4 exd5 20. Nxd5 Bxd5 21. exd5
Qd6 22. Nxe5 Bxe5 23. g3 Qf6 24. Rfd1 g6 25. Bf3 Bc3 26. Kg2 h5 27. Rd3 Bd4 28.
Rc6 Rxc6 29. dxc6 h4 30. Qc4 h3+ 31. Kxh3 Bxf2 32. c7 b5 33. Qg4 Qh8+ 34. Kg2
Qb2 35. c8=Q 1-0

[Event "Cto. FACV Ind. Absoluto Valencia 2014"]
[Site "Valencia ESP"]
[Date "2014.10.04"]
[Round "2.7"]
[White "Torres Sanchez, Jose"]
[Black "Benedito Salavert, Jaime"]
[Result "1-0"]
[WhiteElo "2277"]
[BlackElo "1914"]
[PlyCount "85"]
[EventDate "2014.09.27"]
[EventType "swiss"]
[EventRounds "7"]
[EventCountry "ESP"]
[Source "lmi"]
[SourceDate "2014.09.27"]

1. c4 c6 2. Nf3 d5 3. Qc2 Nf6 4. e3 Nbd7 5. d4 g6 6. Nc3 Bg7 7. cxd5 cxd5 8.
Nb5 O-O 9. Nc7 Rb8 10. Bd2 Nb6 11. Bd3 Bg4 12. Nb5 Rc8 13. Qb3 Bxf3 14. gxf3
Nc4 15. Rc1 Nxd2 16. Kxd2 Rxc1 17. Kxc1 Qb6 18. Qa3 Rc8+ 19. Kb1 a6 20. Nc3 Qc7
21. Qb3 e5 22. Ne2 Qe7 23. dxe5 Qxe5 24. Nd4 Qc7 25. h3 b5 26. a3 Qc5 27. Rg1
Nd7 28. Bf5 Rc7 29. Bxd7 Rxd7 30. Rc1 Qd6 31. Rc6 Qe7 32. Rc8+ Bf8 33. Qc3 Qd6
34. f4 Rb7 35. b4 a5 36. Qc5 Kg7 37. Qxd6 Bxd6 38. bxa5 Bxa3 39. a6 Ra7 40. Rc6
Be7 41. Nxb5 Ra8 42. a7 Bd8 43. Kc2 1-0

[Event "Cto. FACV Ind. Absoluto Valencia 2014"]
[Site "Valencia ESP"]
[Date "2014.10.04"]
[Round "2.8"]
[White "Garcia Martin, Marta"]
[Black "Capella Gimenez, Jose M"]
[Result "1-0"]
[WhiteElo "1973"]
[BlackElo "2051"]
[PlyCount "37"]
[EventDate "2014.09.27"]
[EventType "swiss"]
[EventRounds "7"]
[EventCountry "ESP"]
[Source "lmi"]
[SourceDate "2014.09.27"]

1. e4 e5 2. Nf3 Nc6 3. Bc4 Nf6 4. d3 Be7 5. Nc3 O-O 6. h3 d6 7. O-O Na5 8. Be3
c5 9. a3 Nc6 10. Nd5 Nxd5 11. Bxd5 Kh8 12. c3 f5 13. exf5 Bxf5 14. d4 cxd4 15.
cxd4 e4 16. Nd2 Bg5 17. Bxe4 Nxd4 18. Bxd4 Bxd2 19. Bxf5 1-0

[Event "Cto. FACV Ind. Absoluto Valencia 2014"]
[Site "Valencia ESP"]
[Date "2014.10.04"]
[Round "2.9"]
[White "Sanchez Saez, Francisco"]
[Black "Gonzalvez Perales, Jose Luis"]
[Result "1-0"]
[WhiteElo "2320"]
[BlackElo "2008"]
[PlyCount "83"]
[EventDate "2014.09.27"]
[EventType "swiss"]
[EventRounds "7"]
[EventCountry "ESP"]
[Source "lmi"]
[SourceDate "2014.09.27"]

1. e4 c6 2. d4 d5 3. e5 c5 4. dxc5 e6 5. Nd2 Nc6 6. Ngf3 Bxc5 7. Nb3 Bb6 8. Bd3
Nge7 9. Bf4 Ng6 10. Bg3 Bc7 11. Qe2 Nb4 12. Bb5+ Bd7 13. Nbd4 a6 14. Bxd7+ Qxd7
15. O-O O-O 16. h4 h6 17. h5 Ne7 18. Nh4 Nbc6 19. c3 Nxd4 20. cxd4 Bb6 21. Qg4
Rac8 22. Rad1 Rc2 23. Bf4 Kh7 24. Rd3 Rxb2 25. Bc1 Rb1 26. Rg3 Rg8 27. Qf3 Nf5
28. Nxf5 exf5 29. Qd3 Rb4 30. Be3 Rc8 31. Rf3 g6 32. Rh3 f4 33. Bxf4 Rxd4 34.
hxg6+ Kg8 35. Qg3 Qf5 36. Rxh6 Rxf4 37. gxf7+ Kf8 38. e6 Bxf2+ 39. Rxf2 Rc1+
40. Kh2 Rxf2 41. Rh8+ Ke7 42. Re8+ 1-0

[Event "Cto. FACV Ind. Absoluto Valencia 2014"]
[Site "Valencia ESP"]
[Date "2014.10.04"]
[Round "2.10"]
[White "Ribes Peris, Alvaro"]
[Black "Nieves Cabanes, Jose Manuel"]
[Result "0-1"]
[WhiteElo "2052"]
[BlackElo "1939"]
[PlyCount "64"]
[EventDate "2014.09.27"]
[EventType "swiss"]
[EventRounds "7"]
[EventCountry "ESP"]
[Source "lmi"]
[SourceDate "2014.09.27"]

1. d4 Nf6 2. c4 e6 3. Nc3 Bb4 4. e3 O-O 5. Bd3 d5 6. Bd2 b6 7. cxd5 exd5 8. a3
Be7 9. Nge2 c5 10. b3 Bb7 11. O-O Nc6 12. Qc2 Rc8 13. Bf5 Ra8 14. Rfe1 g6 15.
Bh3 Re8 16. dxc5 bxc5 17. Na4 Ne4 18. Rad1 Ne5 19. Bc3 Bd6 20. f4 Nd7 21. Bxd7
Qxd7 22. Ba1 Qc6 23. Ng3 Nxg3 24. hxg3 Rad8 25. Qb2 d4 26. Rc1 Bf8 27. exd4
Rxe1+ 28. Rxe1 cxd4 29. Rc1 Bxa3 30. Rxc6 Bxb2 31. Rc7 Bxa1 32. Rxb7 d3 0-1

[Event "Cto. FACV Ind. Absoluto Valencia 2014"]
[Site "Valencia ESP"]
[Date "2014.10.04"]
[Round "2.11"]
[White "Cebolla Moll, Ricardo"]
[Black "Garcia Perez, Ramon"]
[Result "1-0"]
[WhiteElo "2017"]
[BlackElo "1881"]
[PlyCount "63"]
[EventDate "2014.09.27"]
[EventType "swiss"]
[EventRounds "7"]
[EventCountry "ESP"]
[Source "lmi"]
[SourceDate "2014.09.27"]

1. f4 f5 2. e4 d5 3. e5 e6 4. d4 c5 5. c3 Nc6 6. Nf3 Nh6 7. Be2 Be7 8. O-O O-O
9. Na3 Qb6 10. Nc2 Bd7 11. Kh1 Rac8 12. h3 Nf7 13. c4 Nxd4 14. Ncxd4 cxd4 15.
cxd5 exd5 16. Nxd4 Bc5 17. Nb3 Be6 18. Nxc5 Qxc5 19. Qd3 a6 20. Bd2 Qe7 21. Qd4
Qd7 22. Bd3 Nd8 23. Rfc1 Nc6 24. Qb6 Qc7 25. Qc5 Qf7 26. Qb6 Qc7 27. Qc5 Qf7
28. Qf2 Rfd8 29. Rc2 Qe7 30. Qb6 Qd7 31. Rac1 Ne7 32. Rc7 1-0

[Event "Cto. FACV Ind. Absoluto Valencia 2014"]
[Site "Valencia ESP"]
[Date "2014.10.04"]
[Round "2.12"]
[White "Baeza Garcia, Agustin"]
[Black "Redondo Flores, David"]
[Result "1/2-1/2"]
[WhiteElo "1939"]
[BlackElo "1999"]
[PlyCount "42"]
[EventDate "2014.09.27"]
[EventType "swiss"]
[EventRounds "7"]
[EventCountry "ESP"]
[Source "lmi"]
[SourceDate "2014.09.27"]

1. d4 d5 2. c4 c6 3. Nc3 Nf6 4. e3 Bf5 5. cxd5 cxd5 6. Qb3 Qd7 7. Nf3 Nc6 8.
Ne5 Qc7 9. Nxd5 Nxd5 10. Qxd5 e6 11. Qb5 a6 12. Qa4 Bb4+ 13. Bd2 Bxd2+ 14. Kxd2
O-O 15. Nxc6 bxc6 16. Rc1 e5 17. d5 Rfd8 18. e4 Bg6 19. Rxc6 Qb7 20. Rc2 Rac8
21. Bd3 Qb6 1/2-1/2

[Event "Cto. FACV Ind. Absoluto Valencia 2014"]
[Site "Valencia ESP"]
[Date "2014.10.04"]
[Round "2.13"]
[White "Ortega Andres, Fernando"]
[Black "Roca Cruz, Rafael"]
[Result "1-0"]
[WhiteElo "1843"]
[BlackElo "1950"]
[PlyCount "72"]
[EventDate "2014.09.27"]
[EventType "swiss"]
[EventRounds "7"]
[EventCountry "ESP"]
[Source "lmi"]
[SourceDate "2014.09.27"]

1. e4 c6 2. d4 d6 3. Nf3 Bg4 4. c4 Qc7 5. Nc3 Nd7 6. Be2 e5 7. Be3 Be7 8. O-O
Ngf6 9. Rc1 O-O 10. h3 Bh5 11. b4 Rfe8 12. d5 a6 13. a4 Rac8 14. dxc6 bxc6 15.
c5 Bxf3 16. gxf3 dxc5 17. Bxa6 Ra8 18. b5 Nb8 19. b6 Qd7 20. Qxd7 Nbxd7 21. Bb7
Rab8 22. Bxc6 Rxb6 23. Bb5 Ra8 24. Rfd1 Nf8 25. Nd5 Nxd5 26. Rxd5 Ne6 27. Rxe5
Kf8 28. f4 f6 29. Rd5 Nc7 30. Rdxc5 Nxb5 31. Rc8+ Rxc8 32. Rxc8+ Kf7 33. Bxb6
Nd6 34. Rc7 Nxe4 35. a5 Ke6 36. a6 Bd8 1-0